TEACHING OF SCIENCE (Record no. 19910)

MARC details
000 -LEADER
fixed length control field 00239nam a22001217a 4500
003 - CONTROL NUMBER IDENTIFIER
control field SGT
082 ## - DEWEY DECIMAL CLASSIFICATION NUMBER
Item number JOS
100 ## - MAIN ENTRY--PERSONAL NAME
Personal name JOSHI, S.R.
245 ## - TITLE STATEMENT
Title TEACHING OF SCIENCE
260 ## - PUBLICATION, DISTRIBUTION, ETC. (IMPRINT)
Place of publication, distribution, etc DELHI
Name of publisher, distributor, etc APH
Year of Publication 2019
300 ## - PAGE DESCRIPTION
No. of Pages 383
942 ## - ADDED ENTRY ELEMENTS (KOHA)
Source of classification or shelving scheme Dewey Decimal Classification
Koha item type Books
942 ## - ADDED ENTRY ELEMENTS (KOHA)
-- 3
Holdings
Withdrawn status Lost status Source of classification or shelving scheme Damaged status Not for loan Collection code Home library Current library Shelving location Date acquired Cost, normal purchase price SGTU Total Checkouts Full call number Accession No. (Barcode) Date last seen Date last borrowed Bill Date Koha item type
    Dewey Decimal Classification     EDUCATION SGT Engineering Library SGT Engineering Library Text Book 29/04/2020 350.00 SGTU 1 JOS ED4587 24/09/2024 13/09/2024 29/04/2020 Books
    Dewey Decimal Classification     EDUCATION SGT Engineering Library SGT Engineering Library Text Book 29/04/2020 350.00 SGTU 2 JOS ED4588 16/01/2025 03/01/2025 29/04/2020 Books